[Event "La Palma Island op"]
[Site "Santa Cruz de La Palma"]
[Date "2022.08.06"]
[Round "1"]
[White "Morcuende Hurtado, Miguel Angel"]
[Black "Garcia Blanco, Omar"]
[Result "0-1"]
[WhiteElo "1634"]
[BlackElo "2352"]
[PlyCount "78"]
[EventDate "2022.08.06"]
[EventType "swiss"]
[EventRounds "9"]
[EventCountry "ESP"]
[SourceTitle "CBM 209 Extra"]
[Source "ChessBase"]
[SourceDate "2022.09.30"]
[SourceVersion "1"]
[SourceVersionDate "2022.09.30"]
[SourceQuality "1"]

1. e4 c5 2. Nf3 Nc6 3. Bb5 Nf6 4. Bxc6 dxc6 5. Qe2 Bg4 6. h3 Bh5 7. d3 Nd7 8. Bf4 e5 9. Bc1 Bd6 10. Nbd2 f6 11. b3 Nf8 12. Ba3 Ne6 13. g4 Bf7 14. Nc4 Be7 15. Bb2 Nf4 16. Qf1 b5 17. Ne3 c4 18. 0-0-0 Qa5 19. dxc4 Qxa2 20. Nd2 0-0-0 21. Nb1 Rxd1+ 22. Nxd1 bxc4 23. Ndc3 Qa5 24. bxc4 Rd8 25. f3 Bc5 26. Nd1 Qa2 27. Nbc3 Qa6 28. Rh2 Bxc4 29. Qe1 Ba3 30. h4 Bxb2+ 31. Kxb2 Kc7 32. Qe3 Qa5 33. Rf2 Ne6 34. g5 Nd4 35. gxf6 gxf6 36. Rg2 Qb4+ 37. Kc1 Qa3+ 38. Nb2 Qa1+ 39. Nb1 Ba2 0-1

[Event "Isla de la Palma Semana Santa op 3rd"]
[Site "Isla de la Palma"]
[Date "2018.03.24"]
[Round "1"]
[White "Morcuende Hurtado, Miguel Angel"]
[Black "Couso Villa, Ayeisha"]
[Result "1-0"]
[WhiteElo "1669"]
[BlackElo "1036"]
[PlyCount "93"]
[EventDate "2018.03.24"]
[EventType "swiss"]
[EventRounds "7"]
[EventCountry "ESP"]
[SourceTitle "CBM 183 Extra"]
[Source "ChessBase"]
[SourceDate "2018.04.19"]
[SourceVersion "1"]
[SourceVersionDate "2018.04.19"]
[SourceQuality "1"]

1. e4 e6 2. d3 d5 3. Nd2 c5 4. Qe2 Nc6 5. Ngf3 Be7 6. g3 Nf6 7. Bg2 0-0 8. 0-0 Bd7 9. Re1 Qb6 10. c3 Rac8 11. h3 d4 12. Nc4 Qc7 13. Bf4 Qd8 14. g4 b5 15. Nce5 Nxe5 16. Bxe5 dxc3 17. Bxc3 b4 18. Be5 Bb5 19. Red1 c4 20. dxc4 Bxc4 21. Rxd8 Bxe2 22. Rxf8+ Rxf8 23. Nd4 Bd3 24. Re1 Rc8 25. Bxf6 Bxf6 26. e5 Bg5 27. Nc6 a5 28. f4 Bd8 29. Rd1 Bb6+ 30. Kh2 Kf8 31. Rxd3 f5 32. Rd7 Be3 33. Kg3 b3 34. axb3 Bc1 35. Rd8+ Rxd8 36. Nxd8 Ke7 37. Nc6+ Kd7 38. Nxa5 Bxb2 39. Nc4 Bc3 40. gxf5 exf5 41. Ne3 Be1+ 42. Kf3 g6 43. Nd5 Kc6 44. Nf6 Bb4 45. Nxh7 Kd7 46. Nf6+ Ke7 47. Nd5+ 1-0